01006nam a2200277 a 4500001001000000003000900010005001700019007000300036008004100039020001500080040003000095082002400125100002900149245008500178246006500263260004500328300002800373336002700401337003300428338002800461500003400489500007000523600003700593651004800630651005000678000021875DO-SdBNP20250925101038.0ta100914s2003 dr 000 0 spa d a9993491942 aDO-SdBNPbspacBNPHUeRDA 4a972.93052bI43d2221 aInfante, Fernandod1935-10a12 años de Balaguer :bcronología histórica 1966-1978 /cFernando Infante.10aDoce anos de Balaguer :bcronología histórica 1966-1978. aSanto Domingo :bLetra Gráfica,c2003. a344 páginas ;c24 cm. atextobtxt2rdacontent asin mediaciónbn2rdamedia avolumenbnc2rdacarrier aIncluye índice onomástico aIncluye datos biográficos del autor en la solapa de la cubierta10a Balaguer, Joaquín,d1906-2002 0aRepública DominicanaxHistoriay1966-1978 0aRepública DominicanaxPolítica y gobierno